Maladies des nerfs / (Record no. 185638)

MARC details
000 -LEADER
campo de control de longitud fija 00673nam a2200193 i 4500
001 - NÚMERO DE CONTROL
campo de control 185638
003 - IDENTIFICADOR DE NÚMERO DE CONTROL
campo de control ES-MaACL
005 - FECHA Y HORA DE LA ÚLTIMA TRANSACCIÓN
campo de control 20250730063158.0
008 - DATOS DE LONGITUD FIJA--INFORMACIÓN GENERAL
campo de control de longitud fija 160729s1911 fr |||| | fre d
100 1# - ENTRADA PRINCIPAL--NOMBRE DE PERSONA
Nombre de persona Cunéo, Bernard,
Fechas asociadas al nombre 1873-1944
9 (RLIN) 42167
245 10 - MENCIÓN DEL TÍTULO
Título Maladies des nerfs /
Mención de responsabilidad, etc. par Bernard Cunéo.
260 ## - PUBLICACIÓN, DISTRIBUCIÓN, ETC.
Lugar de publicación, distribución, etc. Paris :
Nombre del editor, distribuidor, etc. J. B. Baillière,
Fecha de publicación, distribución, etc. 1911.
300 ## - DESCRIPCIÓN FÍSICA
Extensión 174 p. :
Otras características físicas il. ;
Dimensiones 24 cm.
490 1# - MENCIÓN DE SERIE
Mención de serie Nouveau traité de chirurgie clinique et opératoire ;
Designación de volumen o secuencia 10
650 04 - PUNTO DE ACCESO ADICIONAL DE MATERIA--TÉRMINO DE MATERIA
Término de materia o nombre geográfico como elemento de entrada Sistema nervioso-
Subdivisión general Enfermedades.
9 (RLIN) 17135
830 0# - PUNTO DE ACCESO ADICIONAL DE SERIE-TÍTULO UNIFORME
Título uniforme Nouveau traité de chirurgie clinique et opératoire ;
Designación de volumen o secuencia 10
9 (RLIN) 192361
852 ## - LOCALIZACIÓN
Ubicación ES-MaACL
Número de control de estantería B-13551
Holdings
Estatus retirado Estado de pérdida Estado de daño No para préstamo Biblioteca de origen Biblioteca actual Ubicación en estantería Fecha de adquisición Fuente de adquisición Total de préstamos Signatura topográfica completa Código de barras Visto por última vez Precio de reemplazo Tipo de ítem Koha
        Biblioteca del Ateneo de Madrid Biblioteca del Ateneo de Madrid Sala Pardo Bazán 29/07/2016     B-13551 1195685 23/02/2023 23/02/2023 Libro impreso